000 00716nam a22002295i 4500
001 175955
003 ES-MaACL
005 20230906215942.0
008 101202s1975 sp f |||| | spa d
020 _a84-387-0007-1
080 _a929 Schumann, Robert
080 _a78 Schumann, Robert
100 1 _aRuiz Tarazona, Andrés.
_9100932
245 1 0 _aRobert Schumann
_b: de la lucidez a la locura /
_cAndrés Ruiz Tarazona.
260 _aMadrid :
_bReal Musical,
_cD. L. 1975.
300 _a88, [4] p. de lám. bl. y n. ;
_c16 cm.
490 1 _aMúsicos ;
_v8
600 0 4 _aSchumann, Robert.
_9104812
830 0 _aMúsicos ;
_v8
_9189862
852 _aES-MaACL
_j2268-F-8
_xOlim P-102
999 _c175955
_d175955